Budapešť sa obracia na Východ

Európa je na nesprávnej ceste. Maďarsko sa musí prispôsobiť trendom v globálnej ekonomike. Maďarsko je pod obrovskou ťarchou dlhov. Reálny rast HDP a miera inflácie.

Salvato in:
Dettagli Bibliografici
Autore principale: Vallach, Ladislav
Natura: Capitolo di libro
Lingua:slovacco
Soggetti:
Tags: Aggiungi Tag
Nessun Tag, puoi essere il primo ad aggiungerne!!

MARC

LEADER 00000naa a2200000 4500
001 0156992
005 20231113075905.6
041 0 |a slo 
044 |a SK 
245 1 0 |a Budapešť sa obracia na Východ  |c Ladislav Vallach 
520 |a Európa je na nesprávnej ceste. Maďarsko sa musí prispôsobiť trendom v globálnej ekonomike. Maďarsko je pod obrovskou ťarchou dlhov. Reálny rast HDP a miera inflácie. 
610 2 0 |a situácia hospodárska 
610 2 0 |a vývoj hospodársky 
610 2 0 |a dlhy 
610 2 0 |a Maďarsko 
100 1 |a Vallach, Ladislav